| 000 | 00474nam a22001817a 4500 | ||
|---|---|---|---|
| 005 | 20251108164346.0 | ||
| 008 | 250721s1995 xx 000 0 ara d | ||
| 082 | 1 | 4 | _a398.809565/منذ |
| 100 | 1 | _aأحمد، منذر سيد | |
| 245 | 1 | 0 | _aمواويل / |
| 264 | 1 |
_aعمان : _bالمؤلف، _c1995. |
|
| 300 | _a107ص. | ||
| 650 | 1 | 7 | _aالشعر العربي |
| 650 | 1 | 7 | _aالشعر النبطي |
| 650 | 1 | 7 | _aالأردن |
| 942 |
_2ddc _cBK |
||
| 999 |
_c10213 _d10213 |
||